000 00533nam a2200169Ii 4500
003 JO-AjNU
008 230606s9999||||xx |||||||||||||| ||und||
040 _aJO-AjNU
_beng
_erda
_cJO-AjNU
041 _aeng
050 1 4 _aPR2796.2014
100 3 _aAlmoqdadi, Mothana Zakariya Ahmad,
_eauthor
_93516
245 0 4 _aThe Concept of in the Poetry of William Wordsworth and Robert Frost: A Comparative Study
300 _a33p
336 _atext
_btxt
_2rdacontent
337 _aunmediated
_bn
_2rdamedia
338 _avolume
_bnc
_2rdacarrier
999 _aE1834
_c1834
_d1834